Champions League Winners - Sudden Death - Statistics

General Stats
  • This quiz has been taken 21,962 times
    7,838 since last reset
  • The average score is 15 of 24
Answers on the Grid
Answers color-coded by a green-red scale on the quiz's grid according to % correct below.
AC Milan
Ajax
Arsenal
AS Monaco
AS Roma
Aston Villa
Atlético Madrid
Bayer Leverkusen
Bayern Munich
Borussia Dortmund
Celtic
Chelsea
Club Brugge
Copenhagen
Eintracht Frankfurt
FC Barcelona
FC Porto
FCSB
Feyenoord
Fiorentina
Galatasaray
Hamburg
Hertha Berlin
Inter Milan
Juventus
Lazio
Liverpool
Lyon
Manchester City
Manchester United
Napoli
Newcastle United
Nottingham Forest
Olympiacos
Olympique Marseille
Paris Saint-Germain
PSV Eindhoven
Rangers
Real Madrid
Red Star Belgrade
Sevilla
SL Benfica
Tottenham Hotspur
Valencia
 
Answer Stats
Answer % Correct
AC Milan
94%
Ajax
87%
Bayern Munich
73%
Chelsea
69%
FC Barcelona
69%
Manchester City
68%
Liverpool
67%
Manchester United
67%
Juventus
65%
Inter Milan
64%
Real Madrid
64%
Paris Saint-Germain
62%
Borussia Dortmund
61%
FC Porto
61%
Aston Villa
60%
Nottingham Forest
58%
Celtic
56%
SL Benfica
50%
Olympique Marseille
49%
Red Star Belgrade
48%
PSV Eindhoven
47%
Feyenoord
46%
Hamburg
46%
FCSB
38%
No matching quizzes found
Score Distribution
Percent of People with Each Score
Percentile by Number Answered
Your Score History
You have not taken this quiz since the last reset